MDQL
is popping MORE tags! Check the
thread
!
Quizzes
Events
Quiz Creation
Community
Videos
Private Events
Remove Ads
Sign In
Join for FREE
Feedback
Dark Mode
Quiz Categories
Sports
Geography
Music
Movies
Television
Just For Fun
Miscellaneous
History
Literature
Language
Science
Gaming
Entertainment
Religion
Holiday
For Kids
Quiz Lab
Recent
Popular Today
Quiz Kudos Today
Editor Picks
Curator Picks
Quizzes by...
Day
Popularity
Type
Ratings
Length
Year
Community
Subscriptions
Recent Discussions
Orange Saloon
Badges
Playlists
Quests
Create
Leaderboards
Showdown
Live 5
Trivia Bingo
Activity
Puzzle Library
Sporcle Events
Private Events
Virtual Trivia
Globe League
Become a Host
Pub Owners
SporcleCon
Opinionation
Our Games
Videos
Blog
Mobile Apps
Partnerships
Remove Ads and Go Orange
Feedback
Sports
Athletes
MLB
NBA
NHL
NFL
Soccer
Sports Teams
WWE
NCAA
Football
Premier League
Basketball
Baseball
Hockey
Golf
Tennis
Cricket
Rugby
Auto Racing
Olympics
World Cup
Sports
Athletes
MLB
NBA
NHL
NFL
Soccer
Sports Teams
WWE
NCAA
Football
Premier League
Basketball
Baseball
Hockey
Golf
Tennis
Cricket
Rugby
Auto Racing
Olympics
World Cup
Random Quiz
Search Sporcle
×
Quiz Lab
Quiz Lab
Sports
round
Type in answers that appear in a list
Type in answers that appear in a list
Classic
Best Score? Go Orange.
Players Drafted in the First Round (2000) Stats
Can you name the Players Drafted in the First Round (2000)?
By
nyrox27
10m
31 Questions
68 Plays
68 Plays
68 Plays
Comments
Comments
Give Quiz Kudos
Give Quiz Kudos
-
- Ratings
hide this ad
Replay
Link that replays current quiz
Next Quiz
Link to next quiz in quiz playlist
You Got
0%
They Got
Avg Score
22%
Avg Friend Score
Upgrade to see
Score Distribution
Jump to the score distribution portion of the page
Score
0/31
Timer
10:00
0
Plays Today
Draft Pick (Position)
% Correct
Pick 17 K Sebastian Janikowski
79.4%
Pick 9 LB Brian Urlacher
75%
Pick 7 HB Thomas Jones
70.6%
Pick 8 WR Plaxico Burress
58.8%
Pick 1 DE Courtney Brown
57.4%
Pick 13 DE John Abraham
55.9%
Pick 2 LB LaVar Arrington
32.4%
Pick 5 HB Jamal Lewis
32.4%
Pick 12 DE Shaun Ellis
26.5%
Pick 4 WR Peter Warrick
20.6%
Pick 18 QB Chad Pennington
19.1%
Pick 23 CB Rashard Anderson
19.1%
Pick 10 WR Travis Taylor
17.6%
Pick 3 T Chris Samuels
16.2%
Pick 19 HB Shaun Alexander
16.2%
Pick 11 HB Ron Dayne
10.3%
Draft Pick (Position)
% Correct
Pick 27 TE Anthony Becht
10.3%
Pick 14 TE Bubba Franks
8.8%
Pick 16 LB Julian Peterson
7.4%
Pick 21 WR Sylvester Morris
7.4%
Pick 24 CB Ahmed Plummer
7.4%
Pick 28 LB Rob Morris
7.4%
Pick 31 HB Trung Canidate
7.4%
Pick 6 DT Corey Simon
5.9%
Pick 29 WR R.Jay Soward
5.9%
Pick 15 DB Deltha O'Neal
4.4%
Pick 20 T Stockar McDougle
4.4%
Pick 22 T Chris McIntosh
4.4%
Pick 25 DT Chris Hovan
4.4%
Pick 26 DE Erik Flowers
4.4%
Pick 30 LB Keith Bulluck
2.9%
Quiz Playlist
Details
Report
Send in Message
Add To Playlist
Classic:
Type in answers that appear in a list
Last Updated: Feb 16, 2017
Quiz Scoreboard
CHALLENGE
Sign Up to Join the Scoreboard
Show All
Scores
Hide
Comments
May contain spoilers
Recently Published
Holiday 10x10 Sorting Gallery
by lukepisani3
Holiday
15m
Two Season TV Shows II
by 123Four
Television
10m
Image Sorting: Flags VI
by Barbecue
Geography
2m
More to Explore
Quiz From the Vault
Featured Blog Post
14 Easter Pick-up Lines to Find Eggs With
hide this ad
You Might Also Like...
Tags
1st Round
2000
Draft
Player
round
team
Today's Top Quizzes in Sports
Browse Sports
hide this ad
Today's Top Quizzes in round
Browse round
Top Contributed Quizzes in Sports
1
Les meilleurs buteurs des matchs entre le PSG et l’OM
2
Les entraîneurs de l'OM et du PSG au 21e siècle
3
2022 World Cup Stars
4
Les joueurs passés par le PSG et l'OM
5
Players with Multiple 50 Home Run Seasons
6
FIFA Club World Cup Champions
7
Top 10 NHL Goal Scorers of All Time
8
Les joueurs passés par le LOSC et le RC Lens
9
Criteria MLB: Left Handed Sluggers
10
2023 MLB Unique Player Accomplishments
Explore More
Trending Topics
Marvel
Crossword
Disney
Anime
Harry Potter
NBA
Kpop
Puzzle
The Office
Song
Soccer
Country
Pokémon
NFL
WWE
hide this ad
More By:
nyrox27
Quiz
Plays
Rating
Category
Featured
Created
Lyrics to Party Rock Anthem
1,344
2.00
Music
Aug 26, 2011
Earthquake by Labrinth
357
1.00
Music
Mar 17, 2012
2011 NFL starters drafted after 5th round (2000-2011)
129
Sports
Nov 9, 2011
Disc-Overy by Tinie Tempah
108
Music
Mar 17, 2012
Players Drafted in the First Round (2006)
80
4.00
Sports
Nov 16, 2011
Go to Creator's Profile
Score Distribution
Quiz Creator Spotlight
nyrox27
Follow
Send a Message
Quizzes Created
-
Created Quiz Play Count
-
More By This Creator
Popular Quizzes Today
1
Find the US States - No Outlines Minefield
2
Colored Red Africa Blitz
3
Find the 'City' Movie
4
The Countries of the World
5
5x2 Blitz: Bands
6
Find the Countries of Europe - No Outlines Minefield
7
Find the US States
8
US States
More Sports Quizzes
1935: MLB
Curator's Pick
Trending Quizzes
Colored Red Europe Blitz I
Colored Red Europe Blitz II
Colored Red Africa Blitz II
Even More Two Season TV Shows
Colored Red Africa Blitz III
Recently Updated
Odd Team Out - Big 4 Players
pecheneg
Quick Pick: 20 Twenties
pecheneg
March Madness Men's Triple Doubles
pecheneg
How Do You Spell That?
pecheneg
Godzilla Movies
pecheneg
Grab Bag: 4-10 Letters
pecheneg
2024 March Madness Bracket
pecheneg
Famous TV Couples
Peacemaker
Champions League XIs: Real Madrid
pecheneg
Largest US Cities 1790-2010
pecheneg
Trending Topics
Crossword
NBA
Marvel
Harry Potter
Kpop
Disney
Anime
Pokémon
The Office
Country
Soccer
WWE
Puzzle
Song
NFL
Your Account Isn't Verified!
In order to create a playlist on Sporcle, you need to verify the email address you used during registration. Go to your
Sporcle Settings
to finish the process.
Report this User
Report this user for behavior that violates our
Community Guidelines
.
Details:
Send Report
Go to the Sporcle.com Mobile Site →
Comments